000 00794cam a22002535a 4500
003 EG-ScBUE
005 20220509100501.0
008 091221s2005 enka f d 000 0 eng d
020 _a9781405063906
020 _a1405063904
040 _aEG-ScBUE
_beng
_erda
_cEG-ScBUE
_dEG-ScBUE
082 0 4 _a423.1
_bMAC
_222
245 1 _aMacmillan phrasal verbs plus.
264 1 _aOxford :
_bMacmillan Education,
_c2005.
300 _axii, 522 pages :
_billustrations (some color) ;
_c20 cm
336 _2rdacontent
_atext
_btxt
337 _2rdamedia
_aunmediated
_bn
338 _2rdacarrier
_avolume
_bnc
650 7 _bEnglish language
_xVerb phrase
_vDictionaries.
_2BUEsh
_910068
651 _2BUEsh
653 _bHHUUEENN
_cAugust2018
655 _vReading book
_934232
942 _2ddc
_cREFERENCE
999 _c13071
_d13071